Mississippi burning
Δύο πράκτορες του FBI προσπαθούν να εξιχνιάσουν τα μυστικά μιας μικρής κοινότητας όπου δρα η Κου-Κλουξ-Κλαν.
Αποθηκεύτηκε σε:
| Άλλοι συγγραφείς: | , , |
|---|---|
| Μορφή: | |
| Γλώσσα: | English Multiple |
| Δημοσίευση: |
[S.l.] :
MGM Home Entertainment,
c2001.
|
| Θέματα: | |
| Ετικέτες: |
Προσθήκη ετικέτας
Δεν υπάρχουν, Καταχωρήστε ετικέτα πρώτοι!
|
MARC
| LEADER | 00000cgm a2200000 i 4500 | ||
|---|---|---|---|
| 001 | 1/43671 | ||
| 008 | 070503s2001 xx ||| | || ||eng|| | ||
| 035 | |l 10087663 | ||
| 040 | |a GR-MyUa |b gre |e AACR2 | ||
| 041 | 0 | |a eng |j mul | |
| 082 | 7 | |a 791.437 |2 (22) | |
| 245 | 0 | 0 | |a Mississippi burning |h [μαγνητοσκόπηση] / |c directed by Alan Parker. |
| 260 | |a [S.l.] : |b MGM Home Entertainment, |c c2001. | ||
| 300 | |a 1 βιντεοδίσκος (121 λεπτ.) : |b ομίλ., έγχρ. ; |c 4 3/4 ίν. | ||
| 500 | |a Κυκλοφόρησε πρώτη φορά ως κινηματογραφική ταινία το 1988 από την Orion Pictures | ||
| 508 | |a Πρωτότυπη μουσική, Trevor Jones ; μοντάζ, Gerald Hambling ; καλλιτεχνική διεύθυνση, Philip Harrison και Geoffrey Kirkland ; διεύθυνση φωτογραφίας, Peter Biziou ; σενάριο, Chris Gerolmo ; παραγωγή, Frederick Zollo και Robert F. Colesberry. | ||
| 511 | 0 | |a Gene Hackman, Willem Dafoe. | |
| 520 | 8 | |a Δύο πράκτορες του FBI προσπαθούν να εξιχνιάσουν τα μυστικά μιας μικρής κοινότητας όπου δρα η Κου-Κλουξ-Κλαν. | |
| 521 | 8 | |a Ακατάλληλη για άτομα κάτω των 18 ετών. | |
| 546 | |a Στα αγγλικά με υπότιτλους στα ελληνικά. | ||
| 655 | 7 | |a Feature films |2 lcgft | |
| 650 | 0 | |a Civil rights movements |z United States |v Drama. | |
| 700 | 1 | |a Parker, Alan, |d 1944- |e drt | |
| 700 | 1 | |a Hackman, Gene, |e act | |
| 700 | 1 | |a Dafoe, Willem, |e act | |
| 852 | |a INST |b SYROS |c AV |e 20070503 |h 791.437 PAR |p 005500007426 |q 005500007426 |t DVD |y 23 | ||
| 901 | |a BIBL5-2007-1 | ||
| 920 | |a Αναμόρφωση |b ΕΠΕΑΕΚ II-ΤΜΣΠΣ |y Σύρος |z 2006-06 | ||
| 970 | |a Τσουκαλά |b Αλίκη |z 03/05/2007 | ||